Τα χρόνια μου και τα χαρτιά μου
Αποθηκεύτηκε σε:
| Κύριος συγγραφέας: | |
|---|---|
| Μορφή: | Βιβλίο |
| Γλώσσα: | Greek |
| Δημοσίευση: |
Εν Αθήναις :
Εστία,
1933.
|
| Θέματα: | |
| Ετικέτες: |
Προσθήκη ετικέτας
Δεν υπάρχουν, Καταχωρήστε ετικέτα πρώτοι!
|
MARC
| LEADER | 00000cam a2200000 a 4500 | ||
|---|---|---|---|
| 001 | 1/120857 | ||
| 008 | 200210s1933####gr | ||| |||| ||gre|| | ||
| 040 | |a GR-MyUa |b gre |c GR-MyUa |e AACR2 | ||
| 041 | 0 | |a gre | |
| 082 | 7 | |a 889.1 |2 (23) | |
| 100 | 1 | |a Παλαμάς, Κωστής, |d 1859-1943. | |
| 245 | 1 | 0 | |a Τα χρόνια μου και τα χαρτιά μου / |c Κωστή Παλαμά. |
| 260 | |a Εν Αθήναις : |b Εστία, |c 1933. | ||
| 300 | |a 3 τ. ; |c 22 εκ. | ||
| 500 | |a Περιέχει υποσημειώσεις. | ||
| 504 | |a Περιλαμβάνει βιβλιογραφικές παραπομπές. | ||
| 505 | 8 | |a Τ.1. Η ποιητική μου -- τ.3. Τα πρώτα χρόνια. | |
| 650 | 0 | |a Greek poetry |x 20th century. | |
| 740 | 2 | |a Η ποιητική μου | |
| 740 | 3 | |a Τα πρώτα χρόνια | |
| 920 | |a Ακαδημία Ρόδου |y Ρόδος |z 2004-06 | ||
| 970 | |a Μαρία |b Κωτάκου |z 10-02-2020 | ||